000
00293nam a2200121Ia 4500
008
220204s9999 xx 000 0 und d
082
_a
581:576.6
_b
SCO
100
_a
Scott, George D
245
0
_a
Plant symbiosis
260
_a
New Delhi
_b
Vikas
_c
1969
650
_a
Plant symbiosis
942
_c
BK
999
_c
23372
_d
23372